|
|
|
|
| LEADER |
01030nam a2200265 a 4500 |
| 001 |
1261202 |
| 008 |
091116s1974 nyua bs 000 0 eng d |
| 010 |
|
|
|a 74016724
|
| 020 |
|
|
|a 0231038739
|
| 020 |
|
|
|a 0231038747
|
| 040 |
|
|
|a DLC
|c DLC
|d DLC
|
| 082 |
0 |
0 |
|a 331.1/09172/4
|2 18
|
| 245 |
1 |
0 |
|a Employment in developing nations :
|b report on a Ford Foundation study /
|c Edgar O. Edwards, editor.
|
| 260 |
|
|
|a New York :
|b Columbia University Press,
|c 1974.
|
| 300 |
|
|
|a x, 428 p. :
|b ill. ;
|c 23 cm.
|
| 504 |
|
|
|a Includes bibliographical references.
|
| 541 |
1 |
|
|e 00001174
|
| 650 |
|
0 |
|a Labor supply
|z Developing countries.
|
| 650 |
|
0 |
|a Unemployment
|z Developing countries.
|
| 650 |
|
0 |
|a Full employment policies
|z Developing countries.
|
| 700 |
1 |
|
|a Edwards, Edgar O.
|
| 710 |
2 |
|
|a Ford Foundation.
|
| 852 |
4 |
|
|a Ayesha Abed Library
|j General Shelf.
|
| 999 |
|
|
|c 5565
|d 5565
|
| 952 |
|
|
|0 0
|1 0
|2 ddc
|4 0
|6 331_109172400000000_EMP
|7 0
|9 5459
|a BRACUL
|b BRACUL
|c GEN
|d 2009-11-17
|g 1456.00
|l 0
|o 331.1091724 EMP
|p 3010001174
|r 2009-11-17
|t 1
|w 2009-11-17
|y BK
|